Možnosti testovania na metalickom prenosovom médiu

Enregistré dans:
Détails bibliographiques
Auteur principal: Lichý, Marek (Auteur)
Autres auteurs: Róka, Rastislav (Directeur de thèse)
Format: Manuscrit Livre
Langue:slovaque
Publié: Bratislava : STU v Bratislave FEI, 2021
Sujets:
Accès en ligne:https://opac.crzp.sk/?fn=detailBiblioForm&sid=4A7927334F9373E9274EDD99785B&seo=CRZP-detail-kniha
Tags: Ajouter un tag
Pas de tags, Soyez le premier à ajouter un tag!

MARC

LEADER 00000ntm a22000003a 4500
001 stuzp82354
003 SK-STU
005 20210924093643.2
007 ta
008 150427s2015----xo-----f-mn---000-0-slo-d
040 |a STU  |b slo 
041 0 |a slo 
044 |a xo 
100 1 |a Lichý, Marek  |u 037000  |4 aut  |U FEI Fakulta elektrotechniky a informatiky  |T FEI Ústav multimediálnych informačných a komunikačných technológií  |X 98277  |U E070  |Y 818  |7 98277 
242 0 1 |a Possibilities for Testing of the Metallic Transmission Medium  |y eng 
245 1 0 |a Možnosti testovania na metalickom prenosovom médiu 
260 |a Bratislava : 
260 |b STU v Bratislave FEI, 
260 |c 2021 
300 |a 44 s., príl. 
650 4 |a MELT  |2 slo 
650 4 |a SELT  |2 slo 
650 4 |a DELT  |2 slo 
650 4 |a MATLAB  |2 slo 
650 4 |a vyhodnocovanie výsledkov  |2 slo 
650 4 |a metalická linka  |2 slo 
650 4 |a SELT  |2 eng 
650 4 |a DELT  |2 eng 
650 4 |a metallic line  |2 eng 
650 4 |a MATLAB  |2 eng 
650 4 |a evaluation of results  |2 eng 
650 4 |a MELT  |2 eng 
700 1 |a Róka, Rastislav  |u 037000  |k Z1  |4 ths  |U FEI Fakulta elektrotechniky a informatiky  |T FEI Ústav multimediálnych informačných a komunikačných technológií  |X 1946  |U E070  |Y 818  |7 A000001946 
856 4 |u https://opac.crzp.sk/?fn=detailBiblioForm&sid=4A7927334F9373E9274EDD99785B&seo=CRZP-detail-kniha